| 000 | 00566 a2200157 4500 | ||
|---|---|---|---|
| 999 |
_c2775 _d2775 |
||
| 020 | _a0495111279 | ||
| 050 | _aQD251.3 McM 2007 | ||
| 100 |
_aMcMurry, John _eauthor |
||
| 245 |
_aOrganic chemistry : _ba biological approach / _cJohn McMurry |
||
| 250 | _aInternational Student ed. | ||
| 264 |
_aBelmont, CA : _bThomson Brooks/Cole, _cc2007 |
||
| 300 |
_axxvi, 1015, 55, 27 p. : _bill. (some col.) |
||
| 500 | _aIncludes bibliographical references and index | ||
| 650 |
_aChemistry, Organic _xTextbooks |
||
| 942 |
_2lcc _cBK _eInternational Student ed. _h251.3 _iMcM _kQD |
||